| 000 | 00706nam a22002057a 4500 | ||
|---|---|---|---|
| 005 | 20171220152645.0 | ||
| 010 | _aENG-121925 | ||
| 020 |
_a9788189833701 _c225.00 |
||
| 035 | _aEN-105457 | ||
| 037 | _bDBAD/PUB | ||
| 082 | _a897.08 | ||
| 100 | _aGaleano, Eduardo | ||
| 245 |
_aDays and nights of love and war / _cby Edurado Galeano ;translated by Judith Brister _bIn defense of the world translated by Bobbye S. Ortiz |
||
| 260 |
_aDelhi _bAakar Books _c2009 |
||
| 270 |
_a28E Pocket IV, Mayur Vihar Phase I, _bDelhi _e110091 |
||
| 300 |
_a178p. _c27cm(pbk) |
||
| 700 | _atranslated by Judith Brister | ||
| 710 | _atranslated by Bobbye S. Ortiz | ||
| 942 |
_2ddc _cEN _h897.08 _mGAL |
||
| 999 |
_c148085 _d148085 |
||